All Countries by vowel - Statistics

General Stats
  • This quiz has been taken 17 times
    10 since last reset
  • The average score is 82 of 140
Answer Stats
Hint Answer % Correct
A Chad
86%
EY Egypt
86%
AO Gabon | Laos
86%
AIA Gambia | Latvia | Pakistan | Taiwan | Thailand | Zambia
86%
AA Japan | Ghana | Qatar | Rwanda | Malta
86%
AAUAY Paraguay
86%
EI Benin
71%
AI Brazil | Mali | Spain
71%
UAIA Bulgaria
71%
UIAAO Burkina Faso
71%
AEEE Cape Verde
71%
EAAIAEUI Central African Republic
71%
IE Chile | Niger
71%
IA China | Finland | Iran | Iraq
71%
OOO Comoros | Kosovo | Morocco
71%
OAIA Costa Rica | Croatia | Romania | Slovakia | Somalia
71%
EOAIEUIOO Democratic Republic of the Congo
71%
EA Denmark | Kenya | Nepal
71%
AAIA Albania | Afghanistan | Jamaica | Marshall Islands | Tanzania
71%
AEIA Algeria | Argentina | Armenia
71%
AOA Andorra | Angola | Samoa
71%
AIUAAUA Antigua and Barbuda
71%
AUAIA Australia
71%
AUIA Austria
71%
AEAIA Azerbaijan
71%
AAA Bahamas | Canada | Kazakhstan | Panama
71%
UA Bhutan | Cuba | Sudan
71%
EOIA Georgia | Estonia
71%
EAY Germany
71%
IYA Libya
71%
EE Sweden | Yemen
71%
IOUI Djibouti
71%
EUAOIAUIEA Equatorial Guinea
71%
EIEA Eritrea
71%
EAII Eswatini
71%
OUA Honduras | Portugal
71%
IEA Iceland | Ireland | Switzerland | Vietnam
71%
IAE Israel | Zimbabwe
71%
EOO Lesotho
71%
IEIA Liberia | Nigeria
71%
AAAA Madagascar
71%
AAYIA Malaysia
71%
AUIAIA Mauritania
71%
AUIIU Mauritius
71%
AIIA Namibia | Tajikistan
71%
AUU Nauru
71%
EEA Netherlands | Senegal
71%
AIIEI Saint Kitts and Nevis
71%
AIUIA Saint Lucia
71%
AIIEEAIE Saint Vincent and the Grenadines
71%
AOOEIIE Sao Tome and Principe
71%
EYEE Seychelles
71%
OUAIA South Africa
71%
OUUA South Sudan
71%
OO Togo
71%
UIIA Tunisia
71%
UEY Turkey
71%
UAIE Ukraine
71%
UIEAAEIAE United Arab Emirates
71%
UIEIO United Kingdom
71%
UIEAE United States
71%
AAI Bahrain | Malawi
57%
EIE Belize
57%
OIIA Bolivia | Dominica
57%
OAA Botswana
57%
UUI Burundi
57%
AOIA Cambodia
57%
AEOO Cameroon
57%
OOIA Colombia | Mongolia
57%
EEUI Czech Republic
57%
EAU Belarus
57%
EUAO Ecuador
57%
EAAO El Salvador
57%
EIOIA Ethiopia
57%
II Fiji
57%
AE France
57%
UIEA Guinea
57%
UIEAIAU Guinea-Bissau
57%
AII Haiti
57%
IIA India
57%
IOEIA Indonesia | Micronesia
57%
IAY Italy
57%
IOYOA Ivory Coast
57%
OA Jordan | Oman | Poland | Tonga
57%
IAAUA Nicaragua
57%
OOEA North Korea
57%
OAEOIA North Macedonia
57%
OAY Norway
57%
AAU Palau
57%
EU Peru
57%
UIA Russia
57%
AUIAAIA Saudi Arabia
57%
IEAEOE Sierra Leone
57%
OEIA Slovenia
57%
OUOEA South Korea
57%
IIAOAO Trinidad and Tobago
57%
UEIA Turkmenistan | Uzbekistan
57%
UAU Tuvalu
57%
UUUAY Uruguay
57%
AIAIY Vatican City
57%
AAO Barbados
43%
EIU Belgium
43%
OIAEEOIA Bosnia and Herzegovina
43%
YU Cyprus
43%
EEE Greece
43%
YIA Syria
43%
OIIAEUI Dominican Republic
43%
EAA Grenada
43%
UAEAA Guatemala
43%
UAA Guyana | Uganda
43%
UAY Hungary
43%
IIAI Kiribati
43%
UAI Kuwait
43%
YYA Kyrgyzstan
43%
IUAIA Lithuania
43%
UEOU Luxembourg
43%
AIE Maldives
43%
EIO Mexico
43%
OOA Moldova
43%
OAO Monaco
43%
OEEO Montenegro
43%
OAIUE Mozambique
43%
YAA Myanmar
43%
EUIOO Republic of the Congo
43%
EIA Serbia
43%
OOOIA Solomon Islands
43%
IAA Sri Lanka
43%
UIAE Suriname
43%
EEUEA Venezuela
43%
AAE Bangladesh
29%
UEI Brunei
29%
IEEEI Liechtenstein
29%
EEAA New Zealand
29%
AUAEUIEA Papua New Guinea
29%
IIIE Philippines
29%
AAIO San Marino
29%
IAOE Singapore
29%
AUAU Vanuatu
29%
EAIO East Timor
14%
EAO Lebanon
14%
No matching quizzes found
Score Distribution
Percent of People with Each Score
Percentile by Number Answered
Your Score History
You have not taken this quiz since the last reset